[Event "IV C.to Italiano U21"]
[Site "Laveno-Mombello ITA"]
[Date "1996.07.??"]
[Round "?"]
[White "Arnetta, Marianna"]
[Black "Perrone, Giorgio"]
[Result "1/2-1/2"]
[WhiteElo "1621"]
[BlackElo "1609"]
[PlyCount "56"]
[EventDate "1996.07.27"]

1. Nf3 Nf6 2. g3 g6 3. Bg2 Bg7 4. O-O d5 5. d3 O-O 6. Nbd2 Re8 7. c3 e5 8. e4
c6 9. Qc2 Na6 10. Re1 Nc5 11. a3 dxe4 12. dxe4 Qd3 13. Qxd3 Nxd3 14. Re3 Nxc1
15. Rxc1 Rd8 16. Nc4 Ng4 17. Ree1 f6 18. h3 Nh6 19. Rcd1 Nf7 20. Rxd8+ Nxd8 21.
Nd6 b5 22. Nxc8 Rxc8 23. h4 Nb7 24. b4 Rd8 25. Bf1 Bh6 26. c4 a6 27. c5 a5 28.
Ra1 Kf7 1/2-1/2

[Event "IV C.to Italiano U21"]
[Site "Laveno-Mombello ITA"]
[Date "1996.07.??"]
[Round "?"]
[White "Arnetta, Marianna"]
[Black "Tomba, Ivan"]
[Result "0-1"]
[WhiteElo "1621"]
[BlackElo "1570"]
[PlyCount "90"]
[EventDate "1996.07.27"]

1. e4 c5 2. Nf3 d6 3. c3 Nf6 4. Qc2 Nc6 5. d3 e6 6. Bg5 Be7 7. Be2 O-O 8. O-O
d5 9. Nbd2 Qc7 10. a3 b6 11. b4 cxb4 12. cxb4 Qd7 13. Rac1 Bb7 14. h3 Rac8 15.
Qa4 a6 16. Qb3 b5 17. Qb1 Rfd8 18. e5 Ne8 19. Bxe7 Qxe7 20. d4 Rc7 21. Nb3 Ra8
22. Nc5 Nd8 23. Nd2 Bc8 24. Ndb3 Nb7 25. Rc3 Nxc5 26. Nxc5 Qh4 27. Qd3 g6 28.
Qe3 Ng7 29. Bg4 Nf5 30. Bxf5 gxf5 31. Qg3+ Qxg3 32. Rxg3+ Kh8 33. Rd1 a5 34.
Rdd3 axb4 35. axb4 Ra1+ 36. Kh2 Rb1 37. Rb3 Rf1 38. Rgf3 Rd1 39. Rbd3 Rxd3 40.
Rxd3 Ra7 41. Kg3 Kg7 42. Re3 Ra2 43. f4 Rd2 44. Rd3 Rb2 45. Rb3 Rd2 0-1

[Event "IV C.to Italiano U21"]
[Site "Laveno-Mombello ITA"]
[Date "1996.07.??"]
[Round "?"]
[White "Barolo, Andrea"]
[Black "Arnetta, Marianna"]
[Result "0-1"]
[WhiteElo "1651"]
[BlackElo "1621"]
[PlyCount "154"]
[EventDate "1996.07.27"]

1. e4 e6 2. d4 d5 3. Nc3 Nf6 4. Bg5 Be7 5. e5 Nfd7 6. Bxe7 Qxe7 7. f4 a6 8. Nf3
c5 9. Be2 cxd4 10. Nxd4 Nc6 11. Qd2 Qb4 12. O-O-O Nxd4 13. Qxd4 Qxd4 14. Rxd4
b5 15. Bg4 Nb6 16. Ne2 Bd7 17. Rd3 Rc8 18. Nd4 g6 19. h4 h5 20. Bh3 Ke7 21. Rf1
Rc4 22. b3 Rc7 23. a3 a5 24. Kb2 a4 25. Rff3 Rhc8 26. Rc3 Kd8 27. Rxc7 Rxc7 28.
Rc3 Be8 29. Rxc7 Kxc7 30. Kc3 Na8 31. Kb4 Kb6 32. g3 Nc7 33. Bf1 Na6+ 34. Kc3
Nc5 35. Bd3 Bd7 36. bxa4 bxa4 37. Kb4 Be8 38. Ne2 Nxd3+ 39. cxd3 Bb5 40. Kc3
Kc5 41. Nd4 Ba6 42. Nc2 Bc8 43. Ne1 Bd7 44. Nf3 Bb5 45. Ng1 Bc6 46. Nh3 Bd7 47.
Ng5 Be8 48. Nh7 Bd7 49. Nf6 Bc6 50. g4 hxg4 51. Nxg4 Be8 52. Nf6 Bc6 53. h5
gxh5 54. Nxh5 Be8 55. Ng3 Bd7 56. Nh1 Bc6 57. Nf2 Be8 58. Ng4 Bd7 59. Nh6 Be8
60. f5 d4+ 61. Kd2 Kd5 62. fxe6 Kxe6 63. Ng4 Kf5 64. Nh2 Kxe5 65. Nf3+ Kd5 66.
Ke2 f6 67. Ne1 Bh5+ 68. Kf1 Bd1 69. Kg2 Ke5 70. Kf2 Kf4 71. Ng2+ Kg4 72. Ne1 f5
73. Ng2 f4 74. Ne1 f3 75. Kf1 Kg3 76. Ng2 fxg2+ 77. Kg1 Kh3 0-1

[Event "IV C.to Italiano U21"]
[Site "Laveno-Mombello ITA"]
[Date "1996.07.??"]
[Round "?"]
[White "Barolo, Andrea"]
[Black "Cacco, Christian"]
[Result "1-0"]
[WhiteElo "1651"]
[BlackElo "1744"]
[PlyCount "77"]
[EventDate "1996.07.27"]

1. e4 e5 2. Nf3 Nc6 3. Bb5 a6 4. Ba4 Nf6 5. O-O b5 6. Bb3 Bc5 7. c3 Nxe4 8. d4
exd4 9. cxd4 Be7 10. Re1 d5 11. a4 b4 12. Nbd2 Nxd2 13. Bxd2 O-O 14. Qc2 Na5
15. Bxd5 Rb8 16. Qe4 Bf6 17. Ne5 Bf5 18. Bxf7+ Rxf7 19. Qxf5 Bxe5 20. Qxe5 Nc4
21. Bg5 Nxe5 22. Bxd8 Nd3 23. Re8+ Rf8 24. Rxf8+ Kxf8 25. Bxc7 Rb7 26. Bd6+ Kf7
27. b3 Ke6 28. Be5 Nxe5 29. Re1 Kd5 30. dxe5 Kd4 31. e6 Re7 32. Kf1 Kd3 33.
Re3+ Kd2 34. g3 a5 35. Kg2 Kc2 36. Kf3 h6 37. h4 Rxe6 38. Rxe6 Kxb3 39. Ke2 1-0

[Event "IV C.to Italiano U21"]
[Site "Laveno-Mombello ITA"]
[Date "1996.07.??"]
[Round "?"]
[White "Barolo, Andrea"]
[Black "Coratella, Giuseppe"]
[Result "1-0"]
[WhiteElo "1651"]
[BlackElo "1564"]
[PlyCount "23"]
[EventDate "1996.07.27"]

1. e4 e6 2. d4 d5 3. Nc3 Nf6 4. Bg5 Be7 5. e5 Nfd7 6. Bxe7 Qxe7 7. f4 O-O 8.
Nf3 c5 9. Bd3 Nc6 10. Bxh7+ Kxh7 11. Ng5+ Kh6 12. Qg4 1-0

[Event "IV C.to Italiano U21"]
[Site "Laveno-Mombello ITA"]
[Date "1996.07.??"]
[Round "?"]
[White "Barolo, Andrea"]
[Black "Noseda, Francesco"]
[Result "1-0"]
[WhiteElo "1651"]
[BlackElo "1636"]
[PlyCount "67"]
[EventDate "1996.07.27"]

1. e4 e5 2. Nf3 Nc6 3. Bb5 a6 4. Ba4 Nf6 5. O-O Be7 6. Re1 b5 7. Bb3 O-O 8. h3
Bb7 9. c3 d6 10. d4 h6 11. Nbd2 Re8 12. Nf1 Bf8 13. Ng3 Na5 14. Bc2 c5 15. d5
Bc8 16. Nh2 c4 17. Bd2 Nb7 18. Qe2 Nc5 19. a4 Bb7 20. Nf5 Kh7 21. g4 Ng8 22.
axb5 axb5 23. Rxa8 Qxa8 24. Qf3 g6 25. Nxd6 Bxd6 26. Qxf7+ Kh8 27. Qxg6 Bf8 28.
g5 hxg5 29. Qh5+ Kg7 30. Qxg5+ Kf7 31. Re3 Nf6 32. Rf3 Ncd7 33. Ng4 Be7 34.
Nh6+ 1-0

[Event "IV C.to Italiano U21"]
[Site "Laveno-Mombello ITA"]
[Date "1996.07.??"]
[Round "?"]
[White "Bottino, Alexiei"]
[Black "Arnetta, Maria Teresa"]
[Result "1/2-1/2"]
[WhiteElo "1600"]
[BlackElo "1708"]
[PlyCount "46"]
[EventDate "1996.07.27"]

1. a3 Nf6 2. c4 e5 3. Nc3 Nc6 4. g3 Be7 5. Bg2 O-O 6. e3 d6 7. Nge2 Re8 8. d4
Bf8 9. O-O Rb8 10. Qc2 Bg4 11. h3 Bd7 12. b3 Qc8 13. Kh2 g6 14. Bb2 Bg7 15.
Rac1 exd4 16. Nxd4 Nxd4 17. exd4 Bf5 18. Qd2 Ne4 19. Nxe4 Bxe4 20. Bxe4 Rxe4
21. Rfe1 Rxe1 22. Rxe1 Qd7 23. d5 Bxb2 1/2-1/2

[Event "IV C.to Italiano U21"]
[Site "Laveno-Mombello ITA"]
[Date "1996.07.??"]
[Round "?"]
[White "Bottino, Alexiei"]
[Black "Varinelli, Sara"]
[Result "1/2-1/2"]
[WhiteElo "1600"]
[BlackElo "1591"]
[PlyCount "52"]
[EventDate "1996.07.27"]

1. d4 d5 2. c4 e6 3. Nc3 Nf6 4. Bg5 Be7 5. Nf3 Nbd7 6. e3 O-O 7. cxd5 exd5 8.
Bd3 h6 9. Bh4 Re8 10. O-O Nf8 11. Rc1 c6 12. Qc2 Ne4 13. Bxe7 Qxe7 14. Nd2 Nxd2
15. Qxd2 f5 16. Ne2 Ng6 17. Qc2 Qg5 18. Ng3 Nh4 19. f4 Qf6 20. Qf2 Ng6 21. Rfe1
Re7 22. a3 Bd7 23. Qc2 Nh4 24. Qb3 Be6 25. Qc2 Rae8 26. Qf2 Qg6 1/2-1/2

[Event "IV C.to Italiano U21"]
[Site "Laveno-Mombello ITA"]
[Date "1996.07.??"]
[Round "?"]
[White "Cacco, Christian"]
[Black "Gagliardi, Pietro"]
[Result "1/2-1/2"]
[WhiteElo "1744"]
[BlackElo "2165"]
[PlyCount "107"]
[EventDate "1996.07.27"]

1. d4 d5 2. Nf3 e6 3. c4 Nf6 4. Bg5 Be7 5. Nc3 Nbd7 6. e3 O-O 7. Bd3 Re8 8. O-O
c6 9. cxd5 exd5 10. a3 Nf8 11. h3 Ng6 12. Bxf6 Bxf6 13. b4 Ne7 14. Rc1 a6 15.
a4 Bd7 16. Qb3 Nf5 17. b5 axb5 18. axb5 Nh4 19. Qd1 Nxf3+ 20. Qxf3 Ra3 21. Bb1
Qa5 22. bxc6 bxc6 23. Ne2 Be7 24. Nf4 g6 25. Nd3 Bd6 26. Nc5 Bc8 27. Qf6 Qd8
28. Qxd8 Rxd8 29. Rfd1 f5 30. Rd3 Rxd3 31. Nxd3 Bd7 32. Bc2 Rb8 33. g3 Kf7 34.
Kg2 Ke6 35. Ba4 Rb6 36. Bd1 Ke7 37. Ra1 Bc8 38. Ra7+ Rb7 39. Ra5 Rb5 40. Ra2
Rb6 41. Bc2 Rb7 42. Ra6 Rc7 43. Ra5 Rb7 44. Ba4 Rb6 45. Ra7+ Rb7 46. Ra8 Rc7
47. h4 Kf6 48. Ra5 Ke6 49. Kf3 Bd7 50. Ra6 Kf7 51. Bb3 Ke7 52. Ba2 Rb7 53. Ra8
Rb8 54. Ra7 1/2-1/2

[Event "IV C.to Italiano U21"]
[Site "Laveno-Mombello ITA"]
[Date "1996.07.??"]
[Round "?"]
[White "Cacco, Christian"]
[Black "Mazzilli, Piero"]
[Result "1-0"]
[WhiteElo "1744"]
[BlackElo "1768"]
[PlyCount "63"]
[EventDate "1996.07.27"]

1. d4 d5 2. Nf3 Nf6 3. c4 e6 4. Nc3 Nbd7 5. Bg5 Be7 6. e3 O-O 7. Bd3 c6 8. O-O
dxc4 9. Bxc4 Nd5 10. Bxe7 Qxe7 11. Re1 Nxc3 12. bxc3 Rd8 13. Qc2 b6 14. Bd3 Nf6
15. e4 h6 16. Rad1 Bb7 17. Qb2 Rac8 18. c4 Qc7 19. Qc3 Rd7 20. Bc2 Rcd8 21. Ne5
Re7 22. f4 Nd7 23. Nd3 Nf8 24. g3 c5 25. d5 f5 26. Ne5 fxe4 27. Bxe4 exd5 28.
cxd5 b5 29. Qb3 Rd6 30. Qxb5 Ba6 31. Qa4 Nd7 32. Nc6 1-0

[Event "IV C.to Italiano U21"]
[Site "Laveno-Mombello ITA"]
[Date "1996.07.??"]
[Round "?"]
[White "Cacco, Christian"]
[Black "Punteri, Marco"]
[Result "1/2-1/2"]
[WhiteElo "1744"]
[BlackElo "1798"]
[PlyCount "43"]
[EventDate "1996.07.27"]

1. d4 Nf6 2. Nf3 e6 3. Bg5 c5 4. e3 Qb6 5. Qc1 Nc6 6. c3 Be7 7. Bd3 d5 8. O-O
O-O 9. Nbd2 Re8 10. Bb1 Nd7 11. Bxe7 Rxe7 12. dxc5 Qxc5 13. e4 b6 14. Re1 Ba6
15. Nb3 Qd6 16. Qg5 h6 17. Qg3 Qxg3 18. hxg3 Rae8 19. Bc2 Nc5 20. Nxc5 bxc5 21.
Ba4 Bb7 22. Rad1 1/2-1/2

[Event "IV C.to Italiano U21"]
[Site "Laveno-Mombello ITA"]
[Date "1996.07.??"]
[Round "?"]
[White "Coratella, Giuseppe"]
[Black "Bottino, Alexiei"]
[Result "1-0"]
[WhiteElo "1564"]
[BlackElo "1600"]
[PlyCount "83"]
[EventDate "1996.07.27"]

1. e4 c5 2. Nf3 d6 3. d4 cxd4 4. Nxd4 Nf6 5. Nc3 a6 6. Bg5 e6 7. f4 Be7 8. Qf3
Qc7 9. O-O-O Nbd7 10. Bd3 b5 11. Rhe1 Bb7 12. g4 b4 13. Nce2 Rc8 14. Bxf6 Nxf6
15. g5 Nd7 16. Qh5 Nc5 17. Kb1 g6 18. Qf3 e5 19. Nb3 Nxd3 20. Qxd3 exf4 21.
Nxf4 Bxg5 22. Nd5 Bxd5 23. exd5+ Kd7 24. h4 Bh6 25. Qh3+ Kd8 26. Nd4 Qc4 27.
Nc6+ Rxc6 28. dxc6 Qxc6 29. Qg4 Qc5 30. Qe4 Bf8 31. Qe8+ Kc7 32. Qxf7+ Kb6 33.
Qd7 Rg8 34. Re8 Rg7 35. Qd8+ Rc7 36. Re2 Be7 37. Qg8 Bxh4 38. Qb8+ Ka5 39. Red2
Ka4 40. Qh8 Qe5 41. Rd5 Bf6 42. Rxe5 1-0

[Event "IV C.to Italiano U21"]
[Site "Laveno-Mombello ITA"]
[Date "1996.07.??"]
[Round "?"]
[White "Coratella, Giuseppe"]
[Black "Varinelli, Sara"]
[Result "1-0"]
[WhiteElo "1564"]
[BlackElo "1591"]
[PlyCount "49"]
[EventDate "1996.07.27"]

1. e4 e5 2. Nf3 Nc6 3. d4 exd4 4. Bc4 Be7 5. Nxd4 Nf6 6. Nc3 O-O 7. Nxc6 bxc6
8. e5 Ne8 9. O-O d5 10. Bb3 f6 11. Nxd5 Kh8 12. Nxe7 Qxe7 13. exf6 Qxf6 14. Be3
Nd6 15. Bd4 Qg6 16. Qd3 Nf5 17. Bc5 Re8 18. Rae1 Be6 19. Rxe6 Rxe6 20. Bxe6
Qxe6 21. Rd1 h6 22. Bb4 a5 23. Bc3 Nd6 24. Qe3 Qxa2 25. Qxh6+ 1-0

[Event "IV C.to Italiano U21"]
[Site "Laveno-Mombello ITA"]
[Date "1996.07.??"]
[Round "?"]
[White "De Bortoli, Peter"]
[Black "Gagliardi, Pietro"]
[Result "1-0"]
[WhiteElo "1975"]
[BlackElo "2165"]
[PlyCount "93"]
[EventDate "1996.07.27"]

1. e4 e5 2. f4 exf4 3. Nf3 d6 4. d4 g5 5. Bc4 g4 6. Nfd2 Qh4+ 7. Kf1 Nc6 8. Nb3
Bh6 9. Nc3 Nge7 10. Bd2 Bd7 11. Be1 Qf6 12. Bf2 g3 13. Bg1 Rg8 14. Be2 Qg6 15.
h3 Qf6 16. Bf3 Bg7 17. Qd2 h5 18. Nb5 Rc8 19. Re1 a6 20. Nc3 Qg6 21. Qe2 Nd8
22. Bxh5 Qh6 23. Bf3 b5 24. Nd5 Be6 25. Nd2 Bxd5 26. exd5 Bf8 27. a4 Rb8 28.
axb5 axb5 29. c4 f5 30. c5 Kf7 31. Bh5+ Kg7 32. Bf3 Qf6 33. h4 Kh6 34. Nb3 Qf7
35. Qd2 Nxd5 36. Bxd5 Qxd5 37. Qxf4+ Kh7 38. Nd2 Bh6 39. Re7+ Nf7 40. Qf3 Qxf3+
41. Nxf3 Kg6 42. d5 Rge8 43. h5+ Kf6 44. Rxe8 Rxe8 45. Bd4+ Ne5 46. cxd6 Ra8
47. Ke2 1-0

[Event "IV C.to Italiano U21"]
[Site "Laveno-Mombello ITA"]
[Date "1996.07.??"]
[Round "?"]
[White "De Bortoli, Peter"]
[Black "Isella, Lorenzo"]
[Result "1/2-1/2"]
[WhiteElo "1975"]
[BlackElo "1681"]
[PlyCount "78"]
[EventDate "1996.07.27"]

1. e4 e6 2. d4 d5 3. exd5 exd5 4. Bd3 c5 5. dxc5 Bxc5 6. Nf3 Nc6 7. O-O Nge7 8.
Nbd2 Bg4 9. c3 h6 10. Qa4 Be6 11. Nb3 Bb6 12. Nbd4 O-O 13. Nxe6 fxe6 14. Qg4
Rf6 15. Bf4 Bc7 16. Bg3 Bxg3 17. Qxg3 Qb8 18. Qxb8+ Rxb8 19. Rae1 Kf7 20. Re2
Ng6 21. Bxg6+ Rxg6 22. Rfe1 Rc8 23. g3 Rf6 24. Ne5+ Nxe5 25. Rxe5 g5 26. Rd1
Rc4 27. Rd4 Rxd4 28. cxd4 Rf3 29. Re2 Rd3 30. Rc2 Rxd4 31. Rc7+ Kf6 32. Rxb7
Ra4 33. a3 Kf5 34. Kf1 g4 35. Ke2 e5 36. Rh7 Ra6 37. Ke3 Rb6 38. Rf7+ Ke6 39.
Rxa7 Rxb2 1/2-1/2

[Event "IV C.to Italiano U21"]
[Site "Laveno-Mombello ITA"]
[Date "1996.07.??"]
[Round "?"]
[White "De Bortoli, Peter"]
[Black "Mazzilli, Piero"]
[Result "1/2-1/2"]
[WhiteElo "1975"]
[BlackElo "1768"]
[PlyCount "57"]
[EventDate "1996.07.27"]

1. e4 c5 2. Nf3 d6 3. d4 cxd4 4. Nxd4 Nf6 5. Nc3 a6 6. Bc4 e6 7. O-O b5 8. Bb3
Be7 9. f4 O-O 10. f5 e5 11. Nf3 b4 12. Nd5 Nxe4 13. Be3 Nc5 14. Nxe7+ Qxe7 15.
f6 gxf6 16. Bd5 Ra7 17. Nh4 Kh8 18. Qh5 Rg8 19. Nf5 Bxf5 20. Rxf5 Rg6 21. a3
Ne6 22. Bxe6 fxe6 23. Bxa7 exf5 24. Bxb8 Qb7 25. Qe2 Qxb8 26. axb4 Qxb4 27.
Rxa6 Qxb2 28. Rxd6 Qa1+ 29. Rd1 1/2-1/2

[Event "IV C.to Italiano U21"]
[Site "Laveno-Mombello ITA"]
[Date "1996.07.??"]
[Round "?"]
[White "De Bortoli, Peter"]
[Black "Pagnoncelli, Marco"]
[Result "0-1"]
[WhiteElo "1975"]
[BlackElo "2105"]
[PlyCount "62"]
[EventDate "1996.07.27"]

1. e4 c5 2. Nf3 d6 3. d4 cxd4 4. Nxd4 Nf6 5. Nc3 g6 6. f3 Bg7 7. Be3 Nc6 8. Bc4
O-O 9. Qd2 Bd7 10. O-O-O Qa5 11. h4 Rfc8 12. Bb3 Ne5 13. h5 Nc4 14. Bxc4 Rxc4
15. hxg6 fxg6 16. Nb3 Qc7 17. Kb1 a5 18. Bh6 Bh8 19. Nd5 Nxd5 20. Qxd5+ e6 21.
Qxd6 Rxc2 22. Qxc7 Rxc7 23. Nc5 Rxc5 24. Rxd7 Rb5 25. Bc1 Bg7 26. Re7 Rd8 27.
Rc7 a4 28. f4 Bxb2 29. Bxb2 a3 30. Rhxh7 Rd1+ 31. Kc2 axb2 0-1

[Event "IV C.to Italiano U21"]
[Site "Laveno-Mombello ITA"]
[Date "1996.07.??"]
[Round "?"]
[White "Dorighet, Claudio"]
[Black "De Bortoli, Peter"]
[Result "0-1"]
[WhiteElo "1897"]
[BlackElo "1975"]
[PlyCount "106"]
[EventDate "1996.07.27"]

1. c4 e5 2. Nc3 Nf6 3. g3 Be7 4. Bg2 O-O 5. Nf3 d6 6. O-O c6 7. d4 e4 8. Ng5 d5
9. cxd5 cxd5 10. Nh3 Nc6 11. Bg5 h6 12. Bxf6 Bxf6 13. e3 g5 14. f3 Bg7 15. fxe4
dxe4 16. Nxe4 Qe7 17. g4 f5 18. gxf5 Bxf5 19. Nhf2 Rad8 20. Qe2 Rfe8 21. Rfe1
Qf7 22. b3 Qg6 23. Qc4+ Be6 24. Qc1 Nb4 25. Qd2 Nd5 26. Rac1 Rf8 27. Nc5 Bc8
28. Qd3 Qf7 29. Nce4 Kh8 30. Rf1 Qg6 31. Kh1 Bf5 32. Qd2 Rfe8 33. Rfe1 Rxe4 34.
Nxe4 Bxe4 35. Bxe4 Qxe4+ 36. Qg2 Qxg2+ 37. Kxg2 Re8 38. Kf3 g4+ 39. Kf2 Nxe3
40. Rxe3 Bxd4 41. Rcc3 Rxe3 42. Rxe3 Kg7 43. Ke2 Bxe3 44. Kxe3 Kg6 45. Kf4 Kh5
46. Kg3 Kg5 47. a4 a5 48. Kg2 Kf4 49. Kf2 h5 50. Kg2 h4 51. Kf2 h3 52. Kf1 g3
53. hxg3+ Kxg3 0-1

[Event "IV C.to Italiano U21"]
[Site "Laveno-Mombello ITA"]
[Date "1996.07.??"]
[Round "?"]
[White "Dorighet, Claudio"]
[Black "Salvaggio, Salvatore"]
[Result "1-0"]
[WhiteElo "1897"]
[BlackElo "1609"]
[PlyCount "65"]
[EventDate "1996.07.27"]

1. c4 Nf6 2. Nc3 g6 3. g3 Bg7 4. Bg2 O-O 5. Rb1 c5 6. e4 Nc6 7. Nge2 d6 8. d3
Rb8 9. O-O Bd7 10. a3 a5 11. h3 Qc7 12. f4 e6 13. Nb5 Qd8 14. Nxd6 e5 15. Nb5
Ne8 16. Be3 Nd4 17. Nbxd4 exd4 18. Bd2 b6 19. b4 axb4 20. axb4 Nc7 21. Qc2 Qe7
22. Rb2 Rfe8 23. Rfb1 Na6 24. Nc1 Bf8 25. b5 Nc7 26. Ra1 Bc8 27. Ne2 Bh6 28.
Kh1 g5 29. Qc1 gxf4 30. Bxf4 Bxf4 31. Nxf4 Ne6 32. Nd5 Qd8 33. Qh6 1-0

[Event "IV C.to Italiano U21"]
[Site "Laveno-Mombello ITA"]
[Date "1996.07.??"]
[Round "?"]
[White "Dorighet, Claudio"]
[Black "Schacher, Gerd"]
[Result "0-1"]
[WhiteElo "1897"]
[BlackElo "2235"]
[PlyCount "66"]
[EventDate "1996.07.27"]

1. c4 Nf6 2. Nc3 c5 3. g3 g6 4. Bg2 Bg7 5. e4 d6 6. Nge2 O-O 7. O-O Nc6 8. d3
e6 9. h3 a6 10. Be3 Rb8 11. d4 cxd4 12. Nxd4 Qc7 13. b3 Re8 14. Rc1 Nd7 15. Qd2
Bf8 16. Rfd1 Nxd4 17. Bxd4 b6 18. f4 Bb7 19. Na4 Bc6 20. Nb2 e5 21. Be3 Nc5 22.
Bxc5 dxc5 23. f5 Qb7 24. Qe2 gxf5 25. exf5 e4 26. Re1 Rbd8 27. Rcd1 Rd4 28.
Qg4+ Kh8 29. Qh4 Qe7 30. Qxe7 Rxe7 31. Nd3 Rxd3 32. Rxd3 exd3 33. Rxe7 d2 0-1

[Event "IV C.to Italiano U21"]
[Site "Laveno-Mombello ITA"]
[Date "1996.07.??"]
[Round "?"]
[White "Gagliardi, Pietro"]
[Black "Bottino, Alexiei"]
[Result "1-0"]
[WhiteElo "2165"]
[BlackElo "1600"]
[PlyCount "103"]
[EventDate "1996.07.27"]

1. d4 e6 2. c4 f5 3. Nc3 Nf6 4. Nf3 Be7 5. g3 O-O 6. Bg2 c6 7. O-O d5 8. Qb3
Nbd7 9. Re1 Qb6 10. Ng5 Qxb3 11. axb3 Nb8 12. Na4 Na6 13. Bd2 h6 14. Nf3 Nd7
15. Rec1 b6 16. Bf1 Bb7 17. e3 Nb4 18. Nh4 Kh7 19. Bxb4 Bxb4 20. cxd5 cxd5 21.
Rc7 Bc8 22. Nc3 a5 23. Nb5 Nf6 24. Nf3 Ne8 25. Rc6 Rb8 26. Ne5 Nf6 27. f3 Re8
28. Kf2 Nd7 29. Nd3 Bf8 30. Rac1 Nf6 31. Ne5 Nd7 32. Nc7 Nxe5 33. dxe5 Re7 34.
Nb5 Bd7 35. Rc7 Be8 36. Nd4 Bd7 37. Nc6 Bxc6 38. Rxe7 Bxe7 39. Rxc6 Kg8 40.
Rxe6 Kf7 41. Rc6 b5 42. Bd3 g6 43. Ke2 a4 44. Bc2 h5 45. Kd3 g5 46. Kd4 a3 47.
bxa3 Bxa3 48. Bxf5 Bb2+ 49. Kxd5 Rd8+ 50. Ke4 b4 51. Bg6+ Kg7 52. Bxh5 1-0

[Event "IV C.to Italiano U21"]
[Site "Laveno-Mombello ITA"]
[Date "1996.07.??"]
[Round "?"]
[White "Gagliardi, Pietro"]
[Black "Noseda, Francesco"]
[Result "1-0"]
[WhiteElo "2165"]
[BlackElo "1636"]
[PlyCount "79"]
[EventDate "1996.07.27"]

1. d4 d5 2. c4 e6 3. Nc3 Nf6 4. Bg5 Nbd7 5. e3 c6 6. Nf3 Qa5 7. cxd5 Nxd5 8.
Qd2 Bb4 9. Rc1 O-O 10. Bd3 Re8 11. O-O Nxc3 12. bxc3 Bd6 13. Qc2 h6 14. Bh4 Qc7
15. Bg3 Bxg3 16. hxg3 b6 17. Qb3 Bb7 18. Rfe1 Rac8 19. Bb1 c5 20. Nd2 Nf6 21.
e4 cxd4 22. cxd4 Qxc1 23. Rxc1 Rxc1+ 24. Nf1 Ba6 25. Bd3 Bxd3 26. Qxd3 Rec8 27.
f3 Ra1 28. Kf2 Rxa2+ 29. Ke3 Rcc2 30. Kf4 Rxg2 31. d5 exd5 32. exd5 g5+ 33. Ke5
Kg7 34. Kd6 Ra5 35. Ne3 Rb2 36. Ke7 Ng8+ 37. Kd8 Rbb5 38. Qd4+ Nf6 39. Ke7 Rxd5
40. Qxf6+ 1-0

[Event "IV C.to Italiano U21"]
[Site "Laveno-Mombello ITA"]
[Date "1996.07.??"]
[Round "?"]
[White "Gagliardi, Pietro"]
[Black "Punteri, Marco"]
[Result "0-1"]
[WhiteElo "2165"]
[BlackElo "1798"]
[PlyCount "30"]
[EventDate "1996.07.27"]

1. d4 c5 2. c3 cxd4 3. cxd4 g6 4. e4 Bg7 5. Nf3 d5 6. e5 Bg4 7. Bb5+ Nc6 8. Nc3
Nh6 9. Qa4 Qd7 10. Bxc6 bxc6 11. Nd2 O-O 12. O-O f6 13. exf6 Rxf6 14. Nb3 Bh3
15. Bxh6 Qg4 0-1

[Event "IV C.to Italiano U21"]
[Site "Laveno-Mombello ITA"]
[Date "1996.07.??"]
[Round "?"]
[White "Isella, Lorenzo"]
[Black "Barolo, Andrea"]
[Result "1-0"]
[WhiteElo "1681"]
[BlackElo "1651"]
[PlyCount "73"]
[EventDate "1996.07.27"]

1. d4 Nf6 2. c4 g6 3. Nc3 d5 4. cxd5 Nxd5 5. e4 Nxc3 6. bxc3 Bg7 7. Bc4 c5 8.
Ne2 O-O 9. O-O Nc6 10. Be3 Qc7 11. Rc1 Rd8 12. Qd2 a6 13. Rfd1 b5 14. Bb3 c4
15. Bc2 e6 16. Bb1 Ne7 17. f4 f5 18. Ng3 Bb7 19. Qf2 fxe4 20. Nxe4 Bd5 21. Qe2
Nf5 22. g3 Qc6 23. Bf2 h6 24. Re1 Kf7 25. g4 Nd6 26. Nxd6+ Rxd6 27. Qc2 g5 28.
fxg5 hxg5 29. Qg6+ Kg8 30. Qh7+ Kf8 31. Rf1 Bf3 32. Bg3 Rd7 33. Be4 Qb6 34.
Rxf3+ Rf7 35. Rxf7+ Kxf7 36. Rf1+ Ke8 37. Qg8+ 1-0

[Event "IV C.to Italiano U21"]
[Site "Laveno-Mombello ITA"]
[Date "1996.07.??"]
[Round "?"]
[White "Isella, Lorenzo"]
[Black "Cacco, Christian"]
[Result "1/2-1/2"]
[WhiteElo "1681"]
[BlackElo "1744"]
[PlyCount "52"]
[EventDate "1996.07.27"]

1. d4 Nf6 2. c4 g6 3. Nc3 Bg7 4. e4 d6 5. Nf3 O-O 6. Be2 Nc6 7. O-O e5 8. d5
Ne7 9. Ne1 Ne8 10. Nd3 f5 11. exf5 gxf5 12. f4 Ng6 13. Kh1 Nf6 14. fxe5 dxe5
15. Be3 b6 16. Rc1 Kh8 17. Qd2 f4 18. Bg1 Qe7 19. Rce1 Bd7 20. Bf3 Rae8 21. Nf2
Nh4 22. Nfe4 Nxe4 23. Nxe4 Nxf3 24. gxf3 Bh3 25. Rf2 Rg8 26. Rfe2 Bf6 1/2-1/2

[Event "IV C.to Italiano U21"]
[Site "Laveno-Mombello ITA"]
[Date "1996.07.??"]
[Round "?"]
[White "Loche, Roberto"]
[Black "Arnetta, Maria Teresa"]
[Result "1-0"]
[WhiteElo "1762"]
[BlackElo "1708"]
[PlyCount "41"]
[EventDate "1996.07.27"]

1. e4 c5 2. Nf3 e6 3. d4 cxd4 4. Nxd4 Nf6 5. Nc3 Bb4 6. Bd3 Nc6 7. Nxc6 bxc6 8.
e5 Nd5 9. Qg4 g6 10. O-O Be7 11. Bh6 Qa5 12. Ne4 Qc7 13. c4 Nb4 14. Bg7 Rg8 15.
Nf6+ Bxf6 16. Bxf6 Nxd3 17. Qd4 Nb4 18. Qc5 d6 19. Qxb4 dxe5 20. Rad1 Ba6 21.
Rd2 1-0

[Event "IV C.to Italiano U21"]
[Site "Laveno-Mombello ITA"]
[Date "1996.07.??"]
[Round "?"]
[White "Loche, Roberto"]
[Black "Barolo, Andrea"]
[Result "1-0"]
[WhiteElo "1762"]
[BlackElo "1651"]
[PlyCount "61"]
[EventDate "1996.07.27"]

1. e4 c6 2. d4 d5 3. Nc3 dxe4 4. Bc4 Nf6 5. f3 e3 6. Bxe3 Bf5 7. Nge2 e6 8. Ng3
Bg6 9. Qe2 Bb4 10. O-O Bxc3 11. bxc3 Nd5 12. Bd2 O-O 13. f4 Nb6 14. Bb3 N8d7
15. Rae1 Nf6 16. f5 exf5 17. Nxf5 Bxf5 18. Rxf5 Re8 19. Re5 h6 20. Qf2 Rxe5 21.
dxe5 Nfd5 22. c4 Nc7 23. c5 Nbd5 24. c4 Ne7 25. Rf1 Qe8 26. Bc2 Ne6 27. Kh1 Ng6
28. Qg3 Nxc5 29. Bf5 Qxe5 30. Bxg6 Qd4 31. Be3 1-0

[Event "IV C.to Italiano U21"]
[Site "Laveno-Mombello ITA"]
[Date "1996.07.??"]
[Round "?"]
[White "Loche, Roberto"]
[Black "Dorighet, Claudio"]
[Result "1-0"]
[WhiteElo "1762"]
[BlackElo "1897"]
[PlyCount "71"]
[EventDate "1996.07.27"]

1. e4 c5 2. d4 cxd4 3. c3 dxc3 4. Nxc3 Nc6 5. Nf3 e6 6. Bc4 Nf6 7. O-O Qc7 8.
Nb5 Qb8 9. e5 Nxe5 10. Bf4 Nxf3+ 11. Qxf3 d6 12. Rfd1 e5 13. Bg5 Bg4 14. Qb3 d5
15. Bxf6 gxf6 16. Bxd5 Bc5 17. Qc4 Qc8 18. Bxb7 Bxf2+ 19. Kxf2 Qxc4 20. Nd6+
Ke7 21. Nxc4 Rab8 22. Bf3 Be6 23. b3 Rb5 24. Ne3 f5 25. Nd5+ Kf8 26. Nc7 Rc5
27. Nxe6+ fxe6 28. Rac1 Rxc1 29. Rxc1 Ke7 30. Rc7+ Kd6 31. Rxa7 e4 32. Be2 Ke5
33. Rd7 Kf4 34. g3+ Kg5 35. a4 e5 36. a5 1-0

[Event "IV C.to Italiano U21"]
[Site "Laveno-Mombello ITA"]
[Date "1996.07.??"]
[Round "?"]
[White "Loche, Roberto"]
[Black "Gagliardi, Pietro"]
[Result "1-0"]
[WhiteElo "1762"]
[BlackElo "2165"]
[PlyCount "53"]
[EventDate "1996.07.27"]

1. e4 e5 2. d4 exd4 3. Nf3 Bc5 4. c3 dxc3 5. Nxc3 Nc6 6. Bc4 Nge7 7. Bf4 h6 8.
Qd2 d6 9. O-O-O Bg4 10. Be3 Bxe3 11. Qxe3 Bxf3 12. gxf3 O-O 13. Rhg1 Kh8 14.
Rg3 Ne5 15. Bb3 Qe8 16. f4 Nd7 17. Rdg1 Rg8 18. f5 Qf8 19. Bc2 Re8 20. Qd2 Nc8
21. Nd5 c6 22. Nf4 Ne5 23. Nh5 g5 24. Nf6 Qe7 25. Nxe8 Rxe8 26. f4 Nd7 27. fxg5
1-0